00222nam a22000977a 4500040000700000082000800007100000700015245006600022260002600088300001000114 cSK a639 aNA aUtilizing different aquatic resources for livelihoods in asia aPHILIPPINESbNAc2001 a403p.